Использование результатов аттестации рабочих мест для управления профессиональными рисками на предриятии; Инновации на основе информационных и коммуникационных технологий; № 1
| Parent link: | Инновации на основе информационных и коммуникационных технологий.— , 2004- № 1.— 2010.— [С. 599-602] |
|---|---|
| Outros Autores: | , , , |
| Resumo: | Заглавие с экрана Аттестация рабочих мест (АРМ) по условиям труда является инструментом управления профессиональными рисками на предприятии, позволяющим обеспечивать безопасность и постоянно улучшать условия труда работников. Режим доступа: по договору с организацией-держателем ресурса |
| Idioma: | russo |
| Publicado em: |
2010
|
| Assuntos: | |
| Acesso em linha: | http://elibrary.ru/item.asp?id=21210841 |
| Formato: | Recurso Eletrônico Capítulo de Livro |
| KOHA link: | https://koha.lib.tpu.ru/cgi-bin/koha/opac-detail.pl?biblionumber=642645 |
MARC
| LEADER | 00000nla0a2200000 4500 | ||
|---|---|---|---|
| 001 | 642645 | ||
| 005 | 20250207143434.0 | ||
| 035 | |a (RuTPU)RU\TPU\network\7603 | ||
| 090 | |a 642645 | ||
| 100 | |a 20150630d2010 k||y0rusy50 ca | ||
| 101 | 0 | |a rus | |
| 102 | |a RU | ||
| 135 | |a drnn ---uucaa | ||
| 181 | 0 | |a i | |
| 182 | 0 | |a b | |
| 200 | 1 | |a Использование результатов аттестации рабочих мест для управления профессиональными рисками на предриятии |f Н. А. Чулков [и др.] | |
| 203 | |a Текст |c электронный | ||
| 300 | |a Заглавие с экрана | ||
| 320 | |a [Библиогр.: с. 602 (2 назв.)] | ||
| 330 | |a Аттестация рабочих мест (АРМ) по условиям труда является инструментом управления профессиональными рисками на предприятии, позволяющим обеспечивать безопасность и постоянно улучшать условия труда работников. | ||
| 333 | |a Режим доступа: по договору с организацией-держателем ресурса | ||
| 461 | |t Инновации на основе информационных и коммуникационных технологий |d 2004- | ||
| 463 | |t № 1 |v [С. 599-602] |d 2010 | ||
| 610 | 1 | |a электронный ресурс | |
| 610 | 1 | |a труды учёных ТПУ | |
| 610 | 1 | |a рабочие места | |
| 610 | 1 | |a условия труда | |
| 610 | 1 | |a аттестация | |
| 701 | 1 | |a Чулков |b Н. А. |c специалист в области экологии и безопасности жизнедеятельности |c доцент Томского политехнического университета, кандидат технических наук |f 1945- |g Николай Александрович |3 (RuTPU)RU\TPU\pers\26195 | |
| 701 | 1 | |a Бородин |b Ю. В. |c химик-технолог |c доцент Томского политехнического университета, кандидат технических наук |f 1958- |g Юрий Викторович |3 (RuTPU)RU\TPU\pers\26181 |9 11990 | |
| 701 | 1 | |a Гусельников |b М. Э. |c специалист в области экологии и безопасности жизнедеятельности |c доцент Томского политехнического университета, кандидат технических наук |f 1959- |g Михаил Эдуардович |3 (RuTPU)RU\TPU\pers\26049 |9 11888 | |
| 701 | 1 | |a Гуляев |b М. В. |c российский учёный в области экологии и безопасности жизнедеятельности |c доцент Томского политехнического университета |g Милий Всеволодович |3 (RuTPU)RU\TPU\pers\26050 | |
| 801 | 2 | |a RU |b 63413507 |c 20150630 |g RCR | |
| 856 | 4 | |u http://elibrary.ru/item.asp?id=21210841 | |
| 942 | |c CF | ||